书目信息 |
| 题名: |
听季羡林谈国学智慧
|
|
| 作者: | 王颖 | |
| 分册: | ||
| 出版信息: | 北京 时事出版社 2016.05 |
|
| 页数: | 275页 | |
| 开本: | 26cm | |
| 丛书名: | ||
| 单 册: | ||
| 中图分类: | Z126-49 | |
| 科图分类: | ||
| 主题词: | 丛书--中国 | |
| 电子资源: | ||
| ISBN: | 978-7-80232-984-3 | |
| 000 | 00584nam0 2200205 450 | |
| 001 | 3621 | |
| 005 | 20160927091908.29 | |
| 010 | @a978-7-80232-984-3@b平装@dCNY32.00 | |
| 100 | @a20151001d2016 km y0chiy0120 ea | |
| 101 | 0 | @achi |
| 102 | @aCN@b110000 | |
| 200 | 1 | @a听季羡林谈国学智慧@Ating ji xian lin tan guo xue zhi hui@f王颖@Fwang ying |
| 210 | @a北京@c时事出版社@d2016.05 | |
| 215 | @a275页@d26cm | |
| 330 | @a国学·通俗读物 | |
| 606 | 0 | @a丛书@x中国 |
| 690 | @aZ126-49@v4 | |
| 701 | 0 | @a王颖@Awang ying |
| 801 | 0 | @aCN@b唐山师范学院图书馆@c20151001 |
| 905 | @aZUCC@dZ126-49@e113 | |
| 听季羡林谈国学智慧/王颖.-北京:时事出版社,2016.05 |
| 275页;26cm |
| ISBN 978-7-80232-984-3(平装):CNY32.00 |
| 国学·通俗读物 |
| ● |
| 相关链接 |
|
|
|
|
正题名:听季羡林谈国学智慧
索取号:Z126-49/113
 
预约/预借
| 序号 | 登录号 | 条形码 | 馆藏地/架位号 | 状态 | 备注 |
| 1 | 905979 | 209059793 | 第二样本阅览室/ [索取号:Z126-49/113] | 在馆 | |
| 2 | 905980 | 209059800 | 第三借阅区/ [索取号:Z126-49/113] | 在馆 | |
| 3 | 905981 | 209059819 | 第三借阅区/ [索取号:Z126-49/113] | 在馆 | |
| 4 | 905982 | 209059828 | 第三借阅区/ [索取号:Z126-49/113] | 在馆 | |
| 5 | 905983 | 209059837 | 第三借阅区/ [索取号:Z126-49/113] | 在馆 |